00294nam a22001097a 4500082001300000100001600013245005200029260004300081300001500124526003700139650000800176 a940bGOO aGooch, G.P. aHistory of medern Europe 1878-1919cGooch, G.P. aLondonbGassell and Company, Ltdc1919 avi, 728.p: a0b0c0d940_000000000000000_GOO aMCE